• 首页
  • 本馆介绍
  • 公告通知
  • 最新文献
  • 馆藏检索
  • 电子资源
  • 读者导购
  • 参考咨询
  • 我的图书馆
  • 登录
  • 详细信息显示
  • 放入我的书架
  • 预约/预借图书
  • 作者相关作品
  • 分类相关作品
  • 丛书相关作品
  • 出版社相关作品

书目信息

  • 表格格式
  • 工作单格式
  • 卡片格式
题名:
从总部基地到零工社区
    
 
作者: ;中关村科技园丰台园管理委员会 组编
分册:  
出版信息: 北京   中国文联出版社  2018
页数: 199页
开本: 24cm
丛书名:
单 册:
中图分类: F127.13FT
科图分类:
主题词: 高技术园区--概况--北京--丰台区
电子资源:
ISBN: 978-7-5190-3478-8
000 01099nam0 2200253 450
001 012001004713
005 20140928162350.0
010    @a978-7-5190-3478-8@dCNY58.00
100    @a20180714d2018 em y0chiy50 ea
101 0  @achi
102    @aCN@b110000
105    @aa z 000yy
106    @ar
200 1  @a从总部基地到零工社区@9cong zong bu ji di dao ling gong she qu@e中关村丰台科技园创新实践@f中关村科技园丰台园管理委员会组编
210    @a北京@c中国文联出版社@d2018
215    @a199页@c图,照片@d24cm
300    @a中国零工社区发展报告(2016)
330    @a本书是中关村丰台科技园区从总部基地到零工社区建设发展的理论与实践探索。全书分为四篇,共计十八章,内容包括:丰台科技园总部基地:总部经济的实践;助力双创:丰台科技园打造零工社区等。
517 1  @a中关村丰台科技园创新实践@9zhong guan cun feng tai ke ji yuan chuang xin shi jian
606 0  @a高技术园区@x概况@y北京@y丰台区
690    @aF127.13FT@v5
711 02 @a中关村科技园丰台园管理委员会@9zhong guan cun ke ji yuan feng tai yuan guan li wei yuan hui@4组编
801  0 @aCN@b上海新华@c20180901
905    @b1166824-8@dF127.13FT@e348@f5
    
    从总部基地到零工社区:中关村丰台科技园创新实践/中关村科技园丰台园管理委员会组编.-北京:中国文联出版社,2018
    199页:图,照片;24cm
    中国零工社区发展报告(2016)
    
    ISBN 978-7-5190-3478-8:CNY58.00
    本书是中关村丰台科技园区从总部基地到零工社区建设发展的理论与实践探索。全书分为四篇,共计十八章,内容包括:丰台科技园总部基地:总部经济的实践;助力双创:丰台科技园打造零工社区等。
●
相关链接 在E读中查询图书 在五车中查询图书 在当当中查询图书 在豆瓣中查询图书


正题名:从总部基地到零工社区     索取号:F127.13FT/348         预约/预借

序号 登录号 条形码 馆藏地/架位号 状态 备注
1 1166824   211668248   第一样本阅览室/ [索取号:F127.13FT/348] 在馆    
2 1166825   211668257   第一借阅区/ [索取号:F127.13FT/348] 在馆    
3 1166826   211668266   第一借阅区/ [索取号:F127.13FT/348] 在馆    
4 1166827   211668275   第一借阅区/ [索取号:F127.13FT/348] 在馆    
5 1166828   211668284   密集书库-海洋学院/ [索取号:F127.13FT/348] 在馆    
唐山师范学院图书馆 欢迎您!
大连网信软件有限公司© 版权所有